000 00579nam a2200205Ia 4500
005 20251006225607.0
008 251006t2001||||xx |||||||||||||| ||und||
040 _aCBC
100 _aMartínez, Serafín
100 _aNieto López, Judith
100 _aOjeda, Ana Cecilia
245 _aManuela: tradición, modernidad y violencia política
300 _ap. 305-319
650 _aCRITICA LITERARIA
650 _aIDEOLOGIAS POLITICAS
650 _aNOVELA
651 _aCOLOMBIA
773 _aAnuario de historia regional y de las fronteras No. 6 (2001)
942 _tMJCh
999 _c14092
_d14092